Die Generale und Admirale der Bundeswehr, 1955-1997 : die militärischen Werdegänge /

Bibliographic Details
Main Author: Bradley, Dermot
Other Authors: Würzenthal, Heinz-Peter, Model, Hansgeorg, 1927-
Format: Book
Language:German
Published: Osnabrück : Biblio, 1998-
Series:Deutschlands Generale und Admirale ; 6b, etc.
Subjects:

MARC

Tag First Indicator Second Indicator Subfields
LEADER 00000cam a2200000 a 4500
001 in00001453621
005 20151020173611.0
008 980911m19989999gw c 000 0cger c
010 |a  98194927  
020 |a 3764824921 (Bd. 1). 
035 |a (OCoLC)39333854 
035 |9 AJD0610AM 
040 |a NYP  |c DLC  |d OCL  |d TXA  |d UtOrBLW 
042 |a pcc 
043 |a e-gx--- 
049 |a TXAM 
050 0 0 |a U54.G4  |b .B7323 1998 
082 0 0 |a 355/.0092/243  |a B  |2 21 
090 |a U54.G4  |b B72 
100 1 |a Bradley, Dermot. 
245 1 4 |a Die Generale und Admirale der Bundeswehr, 1955-1997 :  |b die militärischen Werdegänge /  |c Dermot Bradley, Heinz-Peter Würzenthal, Hansgeorg Model. 
264 1 |a Osnabrück :  |b Biblio,  |c 1998- 
300 |a volumes <1 > :  |b portraits ;  |c 25 cm. 
336 |a text  |b txt  |2 rdacontent 
337 |a unmediated  |b n  |2 rdamedia 
338 |a volume  |b nc  |2 rdacarrier 
490 1 |a Deutschlands Generale und Admirale ;  |v T. 6b 
505 1 |a Bd.1. Adam-Fuhr. 
651 0 |a Germany  |x Armed forces  |v Biography. 
650 0 |a Generals  |z Germany  |v Biography. 
650 0 |a Admirals  |z Germany  |v Biography. 
700 1 |a Würzenthal, Heinz-Peter. 
700 1 |a Model, Hansgeorg,  |d 1927- 
830 0 |a Deutschlands Generale und Admirale ;  |v 6b, etc. 
948 |a c:mkz 
999 |a MARS 
999 f f |s b8ba0360-ddc1-3128-b8c3-061b3283eebc  |i 3b42842f-ca99-3691-9d42-a1d5e2d6af9b  |t 0 
952 f f |p noncirc  |a Texas A&M University  |b College Station  |c Cushing Memorial Library & Archives  |d Cushing: Ragan Military (Does not check out)  |t 0  |e U54.G4 B72  |h Library of Congress classification  |i unmediated -- volume 
998 f f |a U54.G4 B72  |s bd.1  |t 0  |l Cushing: Ragan Military (Does not check out)